[Event "Oberliga NRW 9900 II"]
[Site "Germany"]
[Date "2000.02.09"]
[Round "5.5"]
[White "Dueball, Juergen"]
[Black "Sprenger, Jan Michael"]
[Result "0-1"]
[WhiteElo "2350"]
[BlackElo "2286"]
[PlyCount "64"]
[EventDate "1999.10.26"]
[EventType "team"]
[EventRounds "9"]
[EventCountry "GER"]
[SourceTitle "EXT 2001"]
[Source "ChessBase"]
[SourceDate "2000.11.22"]
[SourceVersion "1"]
[SourceVersionDate "2000.11.22"]
[SourceQuality "1"]
[WhiteTeam "Solingen II"]
[BlackTeam "Koeln KKS"]
[WhiteTeamCountry "GER"]
[BlackTeamCountry "GER"]

1. e4 c5 2. Nf3 Nc6 3. d4 cxd4 4. Nxd4 Nf6 5. Nc3 e5 6. Ndb5 d6 7. Bg5 a6 8. Na3 b5 9. Bxf6 gxf6 10. Nd5 Bg7 11. c3 f5 12. exf5 Bxf5 13. Nc2 0-0 14. Nce3 Be6 15. g4 Bh6 16. Bg2 Rc8 17. Be4 Ne7 18. Nf6+ Kg7 19. g5 Bxg5 20. Nxh7 Bxe3 21. Nxf8 Bxf2+ 22. Kxf2 Qb6+ 23. Kf3 Kxf8 24. Qg1 Qc7 25. Qg5 d5 26. Bh7 d4 27. Rhe1 dxc3 28. Qxe5 Qxe5 29. Rxe5 cxb2 30. Rb1 Bxa2 31. Rxb2 Be6 32. Rc2 Nc6 0-1

[Event "BL2-West 9899"]
[Site "Germany"]
[Date "1999.04.18"]
[Round "9.5"]
[White "Dueball, Juergen"]
[Black "Becking, Stephan"]
[Result "1/2-1/2"]
[WhiteElo "2350"]
[BlackElo "2242"]
[PlyCount "92"]
[EventDate "1998.10.??"]
[EventType "team-tourn"]
[EventRounds "9"]
[EventCountry "GER"]
[SourceTitle "GER-chT2"]
[Source "ChessBase"]
[SourceDate "1999.07.01"]
[SourceVersion "1"]
[SourceVersionDate "1999.07.01"]
[SourceQuality "1"]
[WhiteTeam "Solingen II"]
[BlackTeam "Saarbruecken"]
[WhiteTeamCountry "GER"]
[BlackTeamCountry "GER"]

1. e4 e6 2. d4 d5 3. Nc3 Nf6 4. Bg5 dxe4 5. Nxe4 Be7 6. Bxf6 gxf6 7. Nf3 b6 8. Bc4 Bb7 9. Qe2 c6 10. 0-0-0 Qc7 11. Rhe1 Nd7 12. Ba6 Bxa6 13. Qxa6 b5 14. Nc5 Nxc5 15. dxc5 Bxc5 16. Nd4 0-0 17. Qxc6 Qf4+ 18. Kb1 Bxd4 19. Re4 Qxf2 20. Rexd4 Rac8 21. Qe4 f5 22. Qd3 Qxg2 23. c3 Qg6 24. Qxb5 f4+ 25. Ka1 Qf6 26. Qd3 Rc5 27. Rf1 Rf5 28. Rdxf4 Rxf4 29. Qg3+ Qg6 30. Qxf4 f6 31. Qe3 Qf7 32. a3 f5 33. Qd4 h6 34. Qf4 Qf6 35. Re1 Re8 36. Qd6 Kf7 37. Qc7+ Re7 38. Qd8 Qg7 39. Qd6 Qg6 40. Qc5 Qf6 41. Rg1 Rd7 42. Qc6 Qd8 43. Qf3 Qh4 44. Qa8 Qd8 45. Qf3 Qh4 46. Qa8 Qd8 1/2-1/2

[Event "BL2-West 9899"]
[Site "Germany"]
[Date "1999.02.21"]
[Round "6.5"]
[White "Rosen, Bernd"]
[Black "Dueball, Juergen"]
[Result "1/2-1/2"]
[WhiteElo "2340"]
[BlackElo "2350"]
[PlyCount "44"]
[EventDate "1998.10.??"]
[EventType "team-tourn"]
[EventRounds "9"]
[EventCountry "GER"]
[SourceTitle "GER-chT2"]
[Source "ChessBase"]
[SourceDate "1999.07.01"]
[SourceVersion "1"]
[SourceVersionDate "1999.07.01"]
[SourceQuality "1"]
[WhiteTeam "Katernberg"]
[BlackTeam "Solingen II"]
[WhiteTeamCountry "GER"]
[BlackTeamCountry "GER"]

1. c4 Nf6 2. g3 c6 3. Bg2 d5 4. Nf3 Bf5 5. cxd5 cxd5 6. Qb3 Qb6 7. Qxb6 axb6 8. Nc3 e6 9. d3 Bc5 10. Bf4 Nc6 11. 0-0 h6 12. Nb5 0-0 13. a3 Rfc8 14. Rac1 Ne8 15. Rfe1 g5 16. Bd2 Nd6 17. Nxd6 Bxd6 18. e4 dxe4 19. dxe4 Bg4 20. Be3 Bxf3 21. Bxf3 Be5 22. Rc2 Nd4 1/2-1/2

[Event "Oberliga NRW 9697 II"]
[Site "Germany"]
[Date "1997.??.??"]
[Round "6.2"]
[White "Dueball, Juergen"]
[Black "Galdunts, Sergey"]
[Result "0-1"]
[WhiteElo "2390"]
[BlackElo "2450"]
[PlyCount "128"]
[EventDate "1996.10.??"]
[EventType "team"]
[EventRounds "9"]
[EventCountry "GER"]
[SourceTitle "EXT 1998"]
[Source "ChessBase"]
[SourceDate "1997.11.17"]
[SourceVersion "1"]
[SourceVersionDate "1997.11.17"]
[SourceQuality "1"]
[WhiteTeam "Solingen III"]
[BlackTeam "Bonn Beuel"]
[WhiteTeamCountry "GER"]
[BlackTeamCountry "GER"]

1. e4 e5 2. Nf3 Nc6 3. Bb5 a6 4. Ba4 Nf6 5. 0-0 Be7 6. Re1 b5 7. Bb3 d6 8. c3 0-0 9. h3 Nb8 10. d4 Nbd7 11. Nh4 g6 12. Bh6 Re8 13. Nf3 c5 14. Nbd2 Bb7 15. Ng5 c4 16. Bc2 Bf8 17. Bxf8 Nxf8 18. dxe5 dxe5 19. Nf1 Qc7 20. Nh2 Kg7 21. Ng4 Nxg4 22. hxg4 Rad8 23. Qe2 Bc8 24. Rad1 Qe7 25. Nh3 Qh4 26. f3 h5 27. Qf2 Qf6 28. Qg3 Qb6+ 29. Kh2 hxg4 30. fxg4 f6 31. g5 Nh7 32. Rxd8 Qxd8 33. Rd1 Qb6 34. Rd5 Nxg5 35. Qf2 Qxf2 36. Nxf2 Ne6 37. a4 Rd8 38. Rxd8 Nxd8 39. axb5 axb5 40. Kg3 Ne6 41. Kf3 Nc5 42. g3 Kh6 43. Ke3 Kg5 44. Bd1 Bd7 45. Bc2 Bc6 46. Bd1 f5 47. Nh3+ Kf6 48. exf5 gxf5 49. Nf2 Bg2 50. Bc2 Kg5 51. Bd1 Kg6 52. Bc2 Kf6 53. Bd1 Kg5 54. Bc2 Bd5 55. Bd1 Bf7 56. Nh3+ Kh6 57. Bc2 Bg6 58. Bd1 Ne4 59. g4 f4+ 60. Nxf4 exf4+ 61. Kxf4 Nf2 62. g5+ Kg7 63. Bf3 Nd3+ 64. Ke3 Be8 0-1

[Event "Oberliga NRW 9697 II"]
[Site "Germany"]
[Date "1997.??.??"]
[Round "7.1"]
[White "Dueball, Juergen"]
[Black "Lytchak, Alexander"]
[Result "1/2-1/2"]
[WhiteElo "2390"]
[BlackElo "2305"]
[PlyCount "88"]
[EventDate "1996.10.??"]
[EventType "team"]
[EventRounds "9"]
[EventCountry "GER"]
[SourceTitle "EXT 1998"]
[Source "ChessBase"]
[SourceDate "1997.11.17"]
[SourceVersion "1"]
[SourceVersionDate "1997.11.17"]
[SourceQuality "1"]
[WhiteTeam "Solingen III"]
[BlackTeam "Koeln Porz"]
[WhiteTeamCountry "GER"]
[BlackTeamCountry "GER"]

1. e4 c6 2. Nc3 d5 3. Nf3 Bg4 4. h3 Bxf3 5. Qxf3 e6 6. d3 Nd7 7. Bd2 Bc5 8. g3 Ngf6 9. Bg2 0-0 10. 0-0 Bd4 11. Qe2 Qc7 12. Kh1 dxe4 13. dxe4 e5 14. Nd1 Rfe8 15. c3 Bc5 16. Ne3 Bf8 17. Nf5 Nc5 18. Bg5 Nfd7 19. Qg4 Kh8 20. Rad1 Ne6 21. h4 Ndc5 22. Bc1 Rad8 23. Qe2 a5 24. Bf3 a4 25. Qc2 b5 26. Kg2 Nb7 27. Bg4 Nec5 28. Bg5 f6 29. Bc1 Qf7 30. a3 Na5 31. Be2 Qb3 32. Qb1 Nc4 33. Bxc4 bxc4 34. Ne3 Nd3 35. Qc2 Bc5 36. Qxb3 cxb3 37. Nc4 Kg8 38. Kf3 Kf7 39. Ke2 Nxf2 40. Rxd8 Rxd8 41. Rxf2 Bxf2 42. Kxf2 Rd1 43. Be3 Rb1 44. h5 g6 1/2-1/2

[Event "NED-chT"]
[Site "Netherlands"]
[Date "1997.??.??"]
[Round "?"]
[White "Dueball, Juergen"]
[Black "Van Arkel, Rogier"]
[Result "1/2-1/2"]
[WhiteElo "2390"]
[BlackElo "2145"]
[PlyCount "42"]
[EventDate "1997.??.??"]
[EventType "team"]
[EventRounds "9"]
[EventCountry "NED"]
[SourceTitle "EXT 2007"]
[Source "ChessBase"]
[SourceDate "2006.11.23"]
[SourceVersion "1"]
[SourceVersionDate "2006.11.23"]
[SourceQuality "1"]

1. e4 c5 2. Nf3 d6 3. d4 cxd4 4. Nxd4 Nf6 5. Nc3 a6 6. Be3 e5 7. Nb3 Be6 8. f3 Nbd7 9. Qd2 Be7 10. g4 h6 11. 0-0-0 b5 12. Nd5 Bxd5 13. exd5 Nb6 14. Bxb6 Qxb6 15. Kb1 b4 16. h4 a5 17. Qd3 0-0 18. Nd2 a4 19. Ne4 Nxe4 20. Qxe4 f5 21. gxf5 Bf6 1/2-1/2

[Event "Oberliga NRW 9697 II"]
[Site "Germany"]
[Date "1996.??.??"]
[Round "3.2"]
[White "Lingnau, Carsten"]
[Black "Dueball, Juergen"]
[Result "1-0"]
[WhiteElo "2395"]
[BlackElo "2390"]
[PlyCount "67"]
[EventDate "1996.10.??"]
[EventType "team"]
[EventRounds "9"]
[EventCountry "GER"]
[SourceTitle "EXT 1998"]
[Source "ChessBase"]
[SourceDate "1997.11.17"]
[SourceVersion "1"]
[SourceVersionDate "1997.11.17"]
[SourceQuality "1"]
[WhiteTeam "Enger Spenge"]
[BlackTeam "Solingen III"]
[WhiteTeamCountry "GER"]
[BlackTeamCountry "GER"]

1. Nf3 c5 2. c4 g6 3. e4 Nc6 4. d4 cxd4 5. Nxd4 Nf6 6. Nc3 d6 7. Be2 Nxd4 8. Qxd4 Bg7 9. 0-0 0-0 10. Bg5 Be6 11. Qd2 Qa5 12. Rab1 Rfc8 13. b3 h6 14. Be3 Ng4 15. Nd5 Qxd2 16. Bxd2 Bxd5 17. exd5 h5 18. h3 Nf6 19. f3 b5 20. Rfc1 bxc4 21. Bxc4 Nd7 22. Bb5 Bd4+ 23. Kf1 Rxc1+ 24. Rxc1 Nb6 25. Bc6 Rc8 26. a4 e6 27. dxe6 fxe6 28. a5 Nd5 29. Bxd5 Rxc1+ 30. Bxc1 exd5 31. Ke2 a6 32. Kd3 Bc5 33. Bd2 Kf7 34. b4 1-0

[Event "Oberliga NRW 9596 I"]
[Site "Germany"]
[Date "1996.??.??"]
[Round "?.1"]
[White "Pedzich, Dominik"]
[Black "Dueball, Juergen"]
[Result "1/2-1/2"]
[WhiteElo "2400"]
[BlackElo "2395"]
[PlyCount "56"]
[EventDate "1995.10.??"]
[EventType "team"]
[EventRounds "9"]
[EventCountry "GER"]
[SourceTitle "GER"]
[Source "ChessBase"]
[SourceDate "1999.07.01"]
[SourceVersion "1"]
[SourceVersionDate "1999.07.01"]
[SourceQuality "1"]
[WhiteTeam "Lippstadt Turm"]
[BlackTeam "Solingen III"]
[WhiteTeamCountry "GER"]
[BlackTeamCountry "GER"]

1. e4 c5 2. Nf3 Nc6 3. Bb5 g6 4. 0-0 Bg7 5. c3 Qb6 6. Ba4 e6 7. Na3 d5 8. exd5 exd5 9. d4 Nge7 10. dxc5 Qxc5 11. Be3 Qa5 12. b4 Qd8 13. b5 Ne5 14. b6+ N7c6 15. Nxe5 Bxe5 16. Bxc6+ bxc6 17. Qa4 Bb7 18. bxa7 0-0 19. Rab1 Qc7 20. Bc5 Rfe8 21. f4 Bxc3 22. Qb3 Ba6 23. Qxc3 Bxf1 24. Rxf1 Rxa7 25. Bxa7 Qxa7+ 26. Kh1 Re3 27. Qxc6 Rxa3 28. Qe8+ Kg7 1/2-1/2

[Event "Oberliga NRW 9596 I"]
[Site "Germany"]
[Date "1995.??.??"]
[Round "?.3"]
[White "Dueball, Juergen"]
[Black "Goergens, Albert"]
[Result "1/2-1/2"]
[WhiteElo "2395"]
[BlackElo "2215"]
[PlyCount "66"]
[EventDate "1995.10.??"]
[EventType "team"]
[EventRounds "9"]
[EventCountry "GER"]
[SourceTitle "GER"]
[Source "ChessBase"]
[SourceDate "1999.07.01"]
[SourceVersion "1"]
[SourceVersionDate "1999.07.01"]
[SourceQuality "1"]
[WhiteTeam "Solingen III"]
[BlackTeam "Pulheim"]
[WhiteTeamCountry "GER"]
[BlackTeamCountry "GER"]

1. e4 c5 2. Nf3 d6 3. d4 cxd4 4. Nxd4 Nf6 5. Nc3 a6 6. Be3 e5 7. Nb3 Be6 8. Be2 Be7 9. f4 exf4 10. Bxf4 Nc6 11. Qd2 0-0 12. 0-0 Ne5 13. Nd4 Rc8 14. Kh1 Qb6 15. Rab1 Rfe8 16. Be3 Qc7 17. Nf5 Bxf5 18. Rxf5 Nc4 19. Bxc4 Qxc4 20. Bd4 Qe6 21. Qd3 g6 22. Rf3 Nd7 23. Rbf1 Rf8 24. Nd5 Ne5 25. Bxe5 Qxe5 26. Qb3 Rb8 27. h3 Bg5 28. Nb6 Qe6 29. Qa4 Rbd8 30. a3 Qe5 31. Qc4 Qe7 32. Qd5 Bh6 33. Qd3 Bg7 1/2-1/2

[Event "Oberliga NRW 9495 I"]
[Site "Germany"]
[Date "1995.??.??"]
[Round "5.1"]
[White "Dueball, Juergen"]
[Black "Hall, Jesper"]
[Result "1-0"]
[WhiteElo "2390"]
[BlackElo "2435"]
[PlyCount "55"]
[EventDate "1994.10.??"]
[EventType "team"]
[EventRounds "9"]
[EventCountry "GER"]
[SourceTitle "GER"]
[Source "ChessBase"]
[SourceDate "1999.07.01"]
[SourceVersion "1"]
[SourceVersionDate "1999.07.01"]
[SourceQuality "1"]
[WhiteTeam "Solingen II"]
[BlackTeam "Wattenscheid"]
[WhiteTeamCountry "GER"]
[BlackTeamCountry "GER"]

1. e4 c5 2. Nf3 Nc6 3. d4 cxd4 4. Nxd4 e6 5. Nc3 d6 6. Be3 Nf6 7. Bc4 Be7 8. Qe2 a6 9. 0-0-0 Qc7 10. Bb3 Na5 11. g4 b5 12. g5 Nxb3+ 13. axb3 Nd7 14. h4 b4 15. Na4 Nc5 16. h5 Bd7 17. g6 Bf6 18. gxf7+ Kxf7 19. e5 Bxe5 20. Qf3+ Ke7 21. Nxc5 dxc5 22. Bg5+ Bf6 23. Nf5+ exf5 24. Rhe1+ Be6 25. Rxe6+ Kf7 26. Qd5 Bxg5+ 27. Re3+ Kf6 28. Qe6# 1-0

[Event "Bundesliga 9394"]
[Site "Germany"]
[Date "1994.01.30"]
[Round "7.6"]
[White "Dueball, Juergen"]
[Black "Rabiega, Robert"]
[Result "1/2-1/2"]
[WhiteElo "2400"]
[BlackElo "2480"]
[PlyCount "85"]
[EventDate "1993.11.06"]
[EventType "team-tourn"]
[EventRounds "15"]
[EventCountry "GER"]
[SourceTitle "GER-chT"]
[Source "ChessBase"]
[SourceDate "1999.07.01"]
[SourceVersion "1"]
[SourceVersionDate "1999.07.01"]
[SourceQuality "1"]
[WhiteTeam "Solingen"]
[BlackTeam "Berlin Empor"]
[WhiteTeamCountry "GER"]
[BlackTeamCountry "GER"]

1. e4 c5 2. Nf3 Nc6 3. d4 cxd4 4. Nxd4 e5 5. Nb5 a6 6. Nd6+ Bxd6 7. Qxd6 Qf6 8. Qc7 Nge7 9. Nc3 Nd4 10. Bd3 Qg6 11. Be3 d6 12. 0-0-0 Nec6 13. Nd5 0-0 14. c3 Nb5 15. Qxc6 bxc6 16. Ne7+ Kh8 17. Nxg6+ hxg6 18. Bc4 f5 19. f3 Rd8 20. a4 Nc7 21. Bb6 Be6 22. Bxe6 Nxe6 23. Bxd8 Rxd8 24. Kc2 Kg8 25. b4 Kf7 26. b5 cxb5 27. axb5 axb5 28. Ra1 Nc5 29. Ra7+ Kf6 30. Rd1 fxe4 31. fxe4 Nxe4 32. Rf1+ Ke6 33. Rxg7 g5 34. Kd3 Kd5 35. Rb1 Nc5+ 36. Ke3 Ra8 37. Rxg5 Ra3 38. Rxb5 Rxc3+ 39. Kd2 Ra3 40. Rg4 e4 41. h4 Kc4 42. Rxc5+ Kxc5 43. Rxe4 1/2-1/2

[Event "Bundesliga 9394"]
[Site "Germany"]
[Date "1994.01.09"]
[Round "5.5"]
[White "Dueball, Juergen"]
[Black "Buecker, Stefan"]
[Result "1-0"]
[WhiteElo "2400"]
[BlackElo "2335"]
[PlyCount "75"]
[EventDate "1993.11.06"]
[EventType "team-tourn"]
[EventRounds "15"]
[EventCountry "GER"]
[SourceTitle "GER-chT"]
[Source "ChessBase"]
[SourceDate "1999.07.01"]
[SourceVersion "1"]
[SourceVersionDate "1999.07.01"]
[SourceQuality "1"]
[WhiteTeam "Solingen"]
[BlackTeam "Dortmund"]
[WhiteTeamCountry "GER"]
[BlackTeamCountry "GER"]

1. e4 d6 2. d4 Nf6 3. Nc3 e5 4. Nf3 Nbd7 5. Bc4 Be7 6. 0-0 0-0 7. Qe2 exd4 8. Nxd4 Ne5 9. Bb3 c5 10. Nf5 Bxf5 11. exf5 Qd7 12. Nd5 Rae8 13. Be3 Qxf5 14. Rad1 Nxd5 15. Bxd5 Bf6 16. h3 Ng6 17. Qd3 Qc8 18. c3 Re5 19. f4 Re7 20. Bc1 Rfe8 21. Bf3 Qd7 22. Bg4 Qc6 23. Bf3 Qb6 24. Kh2 Rd7 25. Rfe1 Rxe1 26. Rxe1 Ne7 27. g4 Bh4 28. Re2 Qd8 29. g5 d5 30. Bg4 Rc7 31. Bd2 Qf8 32. c4 d4 33. b4 f5 34. Bf3 b6 35. Re6 Nc8 36. Bd5 Kh8 37. Qxf5 Rf7 38. Qg4 1-0

[Event "Oberliga NRW 9394 I"]
[Site "Germany"]
[Date "1994.??.??"]
[Round "?"]
[White "Kreutzkamp, Reinhold"]
[Black "Dueball, Juergen"]
[Result "1/2-1/2"]
[WhiteElo "2260"]
[BlackElo "2400"]
[PlyCount "21"]
[EventDate "1993.10.??"]
[EventType "team"]
[EventRounds "9"]
[EventCountry "GER"]
[SourceTitle "GER"]
[Source "ChessBase"]
[SourceDate "1999.07.01"]
[SourceVersion "1"]
[SourceVersionDate "1999.07.01"]
[SourceQuality "1"]

1. e4 c5 2. c3 e6 3. d4 d5 4. exd5 exd5 5. Nf3 Nc6 6. Be3 cxd4 7. Bxd4 Nxd4 8. Nxd4 Nf6 9. Bb5+ Bd7 10. Qe2+ Qe7 11. Qxe7+ 1/2-1/2

[Event "BL2-West 9293"]
[Site "Germany"]
[Date "1993.??.??"]
[Round "?.1"]
[White "Dueball, Juergen"]
[Black "Teske, Henrik"]
[Result "1-0"]
[WhiteElo "2400"]
[BlackElo "2480"]
[PlyCount "57"]
[EventDate "1992.10.??"]
[EventType "team-tourn"]
[EventRounds "9"]
[EventCountry "GER"]
[SourceTitle "GER-chT2"]
[Source "ChessBase"]
[SourceDate "1999.07.01"]
[SourceVersion "1"]
[SourceVersionDate "1999.07.01"]
[SourceQuality "1"]
[WhiteTeam "Solingen II"]
[BlackTeam "Koeln Porz II"]
[WhiteTeamCountry "GER"]
[BlackTeamCountry "GER"]

1. e4 c5 2. Nf3 e6 3. d4 cxd4 4. Nxd4 a6 5. Nc3 b5 6. Bd3 Bb7 7. 0-0 d6 8. a3 Nd7 9. f4 Ngf6 10. Qe2 Rc8 11. Kh1 h5 12. Nxe6 fxe6 13. e5 Ng4 14. Bg6+ Ke7 15. Qe1 Nc5 16. b4 Na4 17. Nxa4 bxa4 18. f5 dxe5 19. Bg5+ Nf6 20. Rd1 Qc7 21. fxe6 Kxe6 22. Bf5+ Kf7 23. Bxf6 gxf6 24. Rd7+ Qxd7 25. Bxd7 Rxc2 26. Qxe5 Bxg2+ 27. Kg1 Bxf1 28. Be8+ Kg8 29. Qd5+ 1-0

[Event "BL2-West 9293"]
[Site "Germany"]
[Date "1993.??.??"]
[Round "?.1"]
[White "Staller, Peter"]
[Black "Dueball, Juergen"]
[Result "1/2-1/2"]
[WhiteElo "2375"]
[BlackElo "2400"]
[PlyCount "68"]
[EventDate "1992.10.??"]
[EventType "team-tourn"]
[EventRounds "9"]
[EventCountry "GER"]
[SourceTitle "GER-chT2"]
[Source "ChessBase"]
[SourceDate "1999.07.01"]
[SourceVersion "1"]
[SourceVersionDate "1999.07.01"]
[SourceQuality "1"]
[WhiteTeam "Frankfurt"]
[BlackTeam "Solingen II"]
[WhiteTeamCountry "GER"]
[BlackTeamCountry "GER"]

1. c4 Nf6 2. Nc3 g6 3. g3 Bg7 4. Bg2 c5 5. e3 0-0 6. Nge2 Nc6 7. 0-0 d6 8. d4 Bd7 9. b3 Rb8 10. Bb2 a6 11. Qd2 b5 12. cxb5 axb5 13. dxc5 dxc5 14. Rfd1 Qc8 15. Nd5 Bh3 16. Nxf6+ exf6 17. Bxh3 Qxh3 18. Nf4 Qg4 19. h3 Qf5 20. Qd5 Ne5 21. e4 Qc8 22. Rac1 c4 23. Kg2 Qa6 24. Rd2 Nd3 25. Nxd3 Rbd8 26. Qc5 cxd3 27. Qe3 b4 28. Rcd1 Rfe8 29. Rxd3 Rxd3 30. Rxd3 Qxa2 31. Rd2 Qb1 32. Qd3 Qxd3 33. Rxd3 h5 34. Rd6 Rxe4 1/2-1/2

[Event "Bundesliga 9192"]
[Site "Germany"]
[Date "1992.??.??"]
[Round "?.8"]
[White "Becker, Michael"]
[Black "Dueball, Juergen"]
[Result "0-1"]
[WhiteElo "2310"]
[BlackElo "2410"]
[PlyCount "104"]
[EventDate "1991.10.12"]
[EventType "team-tourn"]
[EventRounds "15"]
[EventCountry "GER"]
[SourceTitle "GER-chT"]
[Source "ChessBase"]
[SourceDate "1999.07.01"]
[SourceVersion "1"]
[SourceVersionDate "1999.07.01"]
[SourceQuality "1"]
[WhiteTeam "Buna Halle"]
[BlackTeam "Solingen"]
[WhiteTeamCountry "GER"]
[BlackTeamCountry "GER"]

1. e4 c5 2. Nf3 Nc6 3. d4 cxd4 4. Nxd4 Nf6 5. Nc3 d6 6. Be2 g6 7. 0-0 Bg7 8. Be3 0-0 9. f4 Qb6 10. Qd3 Ng4 11. Bxg4 Bxd4 12. Bxd4 Qxd4+ 13. Qxd4 Nxd4 14. Bxc8 Rfxc8 15. Rf2 Rc4 16. Rd1 Rac8 17. Nd5 Nc6 18. Re2 Kf8 19. c3 e6 20. Nf6 Kg7 21. Nd7 d5 22. exd5 exd5 23. f5 d4 24. f6+ Kh6 25. cxd4 Rd8 26. Ne5 Nxe5 27. Rxe5 Rdxd4 28. Rxd4 Rxd4 29. Re7 Rd1+ 30. Kf2 Rd2+ 31. Kf3 Rxb2 32. Rxf7 g5 33. Rd7 Kg6 34. f7 Kg7 35. a4 Rb4 36. g3 a5 37. Ke3 b6 38. Rb7 Rxa4 39. Rxb6 Kxf7 40. Rb7+ Kg6 41. Rb6+ Kf5 42. Rb5+ Kg4 43. h3+ Kxg3 44. Rxg5+ Kh4 45. Rc5 Ra1 46. Kf3 a4 47. Ra5 h5 48. Kg2 Ra2+ 49. Kg1 a3 50. Kf1 Kg3 51. Rg5+ Kf4 52. Rxh5 Rb2 0-1

[Event "BL2-West 9192"]
[Site "Germany"]
[Date "1992.??.??"]
[Round "9.2"]
[White "Dueball, Juergen"]
[Black "Kotter, Ralf"]
[Result "0-1"]
[WhiteElo "2410"]
[BlackElo "2220"]
[PlyCount "41"]
[EventDate "1991.10.??"]
[EventType "team-tourn"]
[EventRounds "9"]
[EventCountry "GER"]
[SourceTitle "GER-chT2"]
[Source "ChessBase"]
[SourceDate "1999.07.01"]
[SourceVersion "1"]
[SourceVersionDate "1999.07.01"]
[SourceQuality "1"]
[WhiteTeam "Solingen II"]
[BlackTeam "Muelheim"]
[WhiteTeamCountry "GER"]
[BlackTeamCountry "GER"]

1. e4 c5 2. Nf3 e6 3. d4 cxd4 4. Nxd4 Nf6 5. Nc3 d6 6. g4 h6 7. h4 Nc6 8. Rg1 h5 9. gxh5 Nxh5 10. Bg5 Nf6 11. Rg3 a6 12. Bg2 Qb6 13. Nb3 Na5 14. Nxa5 Qxa5 15. Qe2 Bd7 16. 0-0-0 Bc6 17. Kb1 0-0-0 18. Rgd3 Be7 19. Nd5 exd5 20. exd5 Bb5 21. Rc3+ 0-1

[Event "GER CupT"]
[Site "Germany"]
[Date "1992.??.??"]
[Round "?"]
[White "Dueball, Juergen"]
[Black "Panzer, Peter"]
[Result "1-0"]
[WhiteElo "2410"]
[BlackElo "2355"]
[PlyCount "77"]
[EventDate "1992.??.??"]
[EventType "team"]
[EventRounds "6"]
[EventCountry "GER"]
[SourceTitle "EXT 1997"]
[Source "ChessBase"]
[SourceDate "1996.11.15"]
[SourceVersion "1"]
[SourceVersionDate "1996.11.15"]
[SourceQuality "1"]

1. e4 e6 2. d4 d5 3. Nc3 Bb4 4. e5 Qd7 5. a3 Bxc3+ 6. bxc3 b6 7. Nh3 Ba6 8. Bxa6 Nxa6 9. Qg4 f5 10. Qh5+ g6 11. Qe2 Nb8 12. g4 Nc6 13. gxf5 exf5 14. Bg5 Nd8 15. Bxd8 Rxd8 16. Nf4 Ne7 17. h4 c5 18. Rg1 cxd4 19. cxd4 Rc8 20. Rg3 Qa4 21. c3 Qb3 22. Qd1 Qxd1+ 23. Kxd1 Kf7 24. Kd2 Rc4 25. h5 Rg8 26. hxg6+ hxg6 27. Rh1 Ra4 28. Rh7+ Rg7 29. Rh8 Rg8 30. e6+ Kg7 31. Rxg8+ Kxg8 32. Nxg6 Nxg6 33. Rxg6+ Kf8 34. Ke3 Rxa3 35. Kf4 Ra2 36. Ke5 Re2+ 37. Kd6 a5 38. Rf6+ Kg8 39. e7 1-0

[Event "Bundesliga 9192"]
[Site "Germany"]
[Date "1992.??.??"]
[Round "?.8"]
[White "Werner, Marc"]
[Black "Dueball, Juergen"]
[Result "1-0"]
[WhiteElo "2335"]
[BlackElo "2410"]
[PlyCount "71"]
[EventDate "1991.10.12"]
[EventType "team-tourn"]
[EventRounds "15"]
[EventCountry "GER"]
[SourceTitle "GER-chT"]
[Source "ChessBase"]
[SourceDate "1999.07.01"]
[SourceVersion "1"]
[SourceVersionDate "1999.07.01"]
[SourceQuality "1"]
[WhiteTeam "Sindelfingen"]
[BlackTeam "Solingen"]
[WhiteTeamCountry "GER"]
[BlackTeamCountry "GER"]

1. e4 c5 2. Nf3 d6 3. d4 cxd4 4. Nxd4 Nf6 5. Nc3 Nc6 6. Bg5 e6 7. Qd2 a6 8. 0-0-0 Bd7 9. f3 Rc8 10. Nxc6 Rxc6 11. g4 h5 12. gxh5 Qa5 13. h6 Rxc3 14. bxc3 Nh5 15. Bc4 gxh6 16. Be3 Be7 17. Qd4 Nf6 18. Bb3 Bc6 19. Kb1 Rg8 20. Rhg1 Rxg1 21. Rxg1 Qh5 22. Qa7 Kf8 23. Bd4 Qxf3 24. e5 Ne4 25. Qb8+ Be8 26. Kb2 dxe5 27. Qxe5 Bf6 28. Qc7 Bxd4 29. cxd4 Qe3 30. Rd1 Bc6 31. Rd3 Qg5 32. Rf3 Qe7 33. Qb8+ Kg7 34. Qe5+ f6 35. Qxe6 Qxe6 36. Bxe6 1-0

[Event "Bundesliga 9091"]
[Site "Germany"]
[Date "1991.??.??"]
[Round "?.6"]
[White "Dueball, Juergen"]
[Black "Roese, Oliver"]
[Result "0-1"]
[WhiteElo "2445"]
[BlackElo "2385"]
[PlyCount "78"]
[EventDate "1990.10.06"]
[EventType "team-tourn"]
[EventRounds "15"]
[EventCountry "GER"]
[SourceTitle "GER-chT"]
[Source "ChessBase"]
[SourceDate "1999.07.01"]
[SourceVersion "1"]
[SourceVersionDate "1999.07.01"]
[SourceQuality "1"]
[WhiteTeam "Solingen"]
[BlackTeam "Muenchen 36"]
[WhiteTeamCountry "GER"]
[BlackTeamCountry "GER"]

1. e4 c5 2. Nf3 e6 3. d4 cxd4 4. Nxd4 Nc6 5. Nc3 a6 6. g3 Nge7 7. Nb3 d6 8. Bg2 Bd7 9. a4 Nc8 10. Qe2 Be7 11. 0-0 0-0 12. Rd1 Qc7 13. a5 Bf6 14. Be3 Bxc3 15. bxc3 Ne5 16. f4 Nc4 17. Bd4 e5 18. fxe5 Nxe5 19. h3 Ne7 20. Nd2 Rae8 21. g4 N7g6 22. Qf2 Nc4 23. Nxc4 Qxc4 24. Re1 Bc6 25. Re3 Ne5 26. Qf5 Qe6 27. Qxe6 Rxe6 28. Bf1 Nd7 29. Rae1 Rfe8 30. Bd3 Ne5 31. Kf2 Kf8 32. Kg3 Ke7 33. c4 f6 34. c5 dxc5 35. Bxc5+ Kf7 36. h4 Bd7 37. g5 fxg5 38. hxg5 Kg6 39. Kf4 Bc6 0-1